The Quantity Surveyor (Record no. 118862)

MARC details
000 -LEADER
fixed length control field 00641cas a22002055a 4500
001 - CONTROL NUMBER
control field ##L134045
008 - FIXED-LENGTH DATA ELEMENTS--GENERAL INFORMATION
fixed length control field 070621d19531969at qr p 0 a0eng u
035 ## - SYSTEM CONTROL NUMBER
System control number (Sirsi) u134045
041 0# - LANGUAGE CODE
Language code of text/sound track or separate title eng
110 2# - MAIN ENTRY--CORPORATE NAME
Corporate name or jurisdiction name as entry element Australian Institute of Quantity Surveyors
9 (RLIN) 2261
240 14 - UNIFORM TITLE
Uniform title The Journal of the Australian Institute of Quantity Surveyors
245 04 - TITLE STATEMENT
Title The Quantity Surveyor
260 ## - PUBLICATION, DISTRIBUTION, ETC.
Place of publication, distribution, etc. Deakin
Name of publisher, distributor, etc. Australian Institute of Quantity Surveyors
Date of publication, distribution, etc. 1953-1969
362 ## - DATES OF PUBLICATION AND/OR SEQUENTIAL DESIGNATION
Dates of publication and/or sequential designation 7(2) June 1960-16(1) March 1969
554 ## -
-- Four per year
651 #4 - SUBJECT ADDED ENTRY--GEOGRAPHIC NAME
Geographic name Australia
690 ## - LOCAL SUBJECT ADDED ENTRY--TOPICAL TERM (OCLC, RLIN)
Topical term or geographic name as entry element Quantity surveying
9 (RLIN) 6263
785 00 - SUCCEEDING ENTRY
Title Building Economist
942 ## - ADDED ENTRY ELEMENTS (KOHA)
Suppress in OPAC 0
Holdings
Withdrawn status Lost status Source of classification or shelving scheme Damaged status Not for loan Home library Current library Shelving location Date acquired Total Checkouts Full call number Barcode Date last seen Price effective from Koha item type
    Dewey Decimal Classification     London London Gallery 04/07/2006   BUILDING ECONOMIST 134045-1001 06/08/2019 06/08/2019 Journal